Este problema llamado Aragón (Record no. 60449)

MARC details
000 -LEADER
campo de control de longitud fija 00465nam a2200145 i 4500
001 - NÚMERO DE CONTROL
campo de control 60449
003 - IDENTIFICADOR DE NÚMERO DE CONTROL
campo de control ES-MaACL
007 - CAMPO FIJO DE DESCRIPCIÓN FÍSICA--INFORMACIÓN GENERAL
campo de control de longitud fija t|
008 - DATOS DE LONGITUD FIJA--INFORMACIÓN GENERAL
campo de control de longitud fija 031104s1976 sp ||||1| spa d
245 00 - MENCIÓN DEL TÍTULO
Título Este problema llamado Aragón
Resto del título : 3ª Semana Aragonesa.
260 ## - PUBLICACIÓN, DISTRIBUCIÓN, ETC.
Lugar de publicación, distribución, etc. Zaragoza :
Nombre del editor, distribuidor, etc. Seminario de Estudios Aragoneses,
Fecha de publicación, distribución, etc. 1976.
300 ## - DESCRIPCIÓN FÍSICA
Extensión 190 p., 2 lám. :
Otras características físicas il. ;
Dimensiones 22 cm.
710 2# - ENTRADA AGREGADA--NOMBRE DE ENTIDAD CORPORATIVA
Nombre de entidad corporativa o nombre de jurisdicción como elemento de entrada Seminario de Estudios Aragoneses (Zaragoza)
9 (RLIN) 6550
852 ## - LOCALIZACIÓN
Ubicación ES-MaACL
Número de control de estantería E-9940
Sublocalización o colección R.94436
Holdings
Estatus retirado Estado de pérdida Estado de daño No para préstamo Biblioteca de origen Biblioteca actual Ubicación en estantería Fecha de adquisición Fuente de adquisición Total de préstamos Signatura topográfica completa Código de barras Visto por última vez Precio de reemplazo Tipo de ítem Koha
        Biblioteca del Ateneo de Madrid Biblioteca del Ateneo de Madrid Depósito 2 17/01/2008     E-9940 1063400 23/02/2023 23/02/2023 Libro impreso